Indian Economy (Record no. 10817)

MARC details
000 -LEADER
fixed length control field 00345nam a2200145Ia 4500
008 - FIXED-LENGTH DATA ELEMENTS--GENERAL INFORMATION
fixed length control field 191201s2010 xx 000 0 und d
082 ## - DEWEY DECIMAL CLASSIFICATION NUMBER
Classification number 330.954
Item number DAI
100 ## - MAIN ENTRY--PERSONAL NAME
Personal name DATT, Gaurav
245 #0 - TITLE STATEMENT
Title Indian Economy
260 ## - PUBLICATION, DISTRIBUTION, ETC. (IMPRINT)
Place of publication, distribution, etc New Delhi
Name of publisher, distributor, etc S Chand
Date of publication, distribution, etc 2021
300 ## - PHYSICAL DESCRIPTION
Extent 1064
650 ## - SUBJECT ADDED ENTRY--TOPICAL TERM
Topical term or geographic name as entry element BA Economics
700 ## - ADDED ENTRY--PERSONAL NAME
Personal name MAHAJAN, Ashwani
942 ## - ADDED ENTRY ELEMENTS (KOHA)
Source of classification or shelving scheme Dewey Decimal Classification
Koha item type Text Books
Holdings
Withdrawn status Lost status Source of classification or shelving scheme Damaged status Not for loan Collection code Home library Current library Date acquired Source of acquisition Currency Cost, normal purchase price Bill Number Total Checkouts Full call number Acc. no. / Barcode Date last seen Actual Cost, discounted price Bill Date Koha item type Checked out Date last borrowed
    Dewey Decimal Classification     B.A Economics PIET NCR College Library PIET NCR College Library 24/07/2021 Kirti Prakashan IN Rupees 695.00 IN2291   330.954 DAI N1731 06/08/2021 500.40 24/07/2021 Text Books    
    Dewey Decimal Classification     B.A Economics PIET NCR College Library PIET NCR College Library 24/07/2021 Kirti Prakashan IN Rupees 695.00 IN2291 1 330.954 DAI N1732 23/02/2026 500.40 24/07/2021 Text Books 11/09/2026 23/02/2026
    Dewey Decimal Classification     B.A Economics PIET NCR College Library PIET NCR College Library 24/07/2021 Kirti Prakashan IN Rupees 695.00 IN2291   330.954 DAI N1733 06/08/2021 500.40 24/07/2021 Text Books    
    Dewey Decimal Classification     B.A Economics PIET NCR College Library PIET NCR College Library 24/07/2021 Kirti Prakashan IN Rupees 695.00 IN2291   330.954 DAI N1734 06/08/2021 500.40 24/07/2021 Reference Books    
    Dewey Decimal Classification     B.A Economics PIET NCR College Library PIET NCR College Library 24/07/2021 Kirti Prakashan IN Rupees 695.00 IN2291   330.954 DAI N1735 06/08/2021 500.40 24/07/2021 Text Books    

Design & Developed by: PIET Central Library
R70 Miles Stone Pattikalyana Samalkha Panipat 132102
mail ID :- [email protected], Phone No:- 0180-2569700 Ex.216